000 00289nam a2200145Ia 4500
100 _aSinclair/ Ian R
942 _cBK
654 _aComputer
245 _aMultimedia on the PC
260 _bB.P.B
_c1995
082 _a4.35
_bSIN
300 _a194
546 _aENGLISH
999 _c26748
_d26748